[Event "AUT-chT2S 9495"]
[Site "?"]
[Date "1995.??.??"]
[Round "7"]
[White "Kastner, Walter"]
[Black "Bergen, Peter"]
[Result "1-0"]
[WhiteElo "2220"]
[BlackElo "2185"]

1.Nf3 Nf6 2.c4 g6 3.g3 Bg7 4.Bg2 O-O 5.O-O d6 6.d4 Nc6 7.Nc3 a6 8.b3 Rb8
9.Nd5 Re8 10.Bb2 e6 11.Nxf6+ Bxf6 12.Rc1 e5 13.d5 Ne7 14.e4 Bg7 15.c5 Bh6
16.Nd2 Bd7 17.a4 Nc8 18.Rc2 dxc5 19.Rxc5 b6 20.Rc2 Nd6 21.Kh1 Rc8 22.Qa1 f6
23.f4 Bg7 24.fxe5 fxe5 25.Nf3 Nf7 26.Ne1 c5 27.Nd3 Qe7 28.Ba3 a5 29.Nb2 Nd6
30.Rff2 h5 31.Qf1 h4 32.Nc4 Rb8 33.Nxd6 Qxd6 34.Bh3 hxg3 35.hxg3 Rf8 36.Bxd7 Qxd7
37.Kg2 Qg4 38.Rxf8+ Bxf8 39.Qf3 Qxf3+ 40.Kxf3 Bd6 41.Ke3 Kg7 42.Rc3 Kf6 43.Kd3 Ke7
44.Kc4 Kd7 45.Rf3 Rf8 46.Rxf8 Bxf8 47.Kb5 Kc7 48.Ka6 Be7 49.Bc1 Bd8 50.Bh6 Bf6
51.Bf8 Bd8 52.Bg7 Kd6 53.Kb7  1-0

[Event "AUT-chT9495"]
[Site "?"]
[Date "1995.??.??"]
[Round "?"]
[White "Kraschl, Joerg"]
[Black "Cigan, Stefan"]
[Result "1/2-1/2"]
[WhiteElo "2280"]
[BlackElo "2365"]

1.c4 g6 2.g3 Bg7 3.Bg2 Nf6 4.Nf3 O-O 5.O-O d5 6.cxd5 Nxd5 7.Nc3 c5 8.Nxd5 Qxd5
9.d4 cxd4 10.Be3 Bf5 11.Nxd4 Be4 12.f3 Bxd4 13.Bxd4 Nc6 14.Bf2 Qxd1 15.Rfxd1 Bf5
16.Rd2 Rfd8 17.Rad1 Rxd2 18.Rxd2 Rc8 19.e4 Be6 20.b3 f6 21.f4 b6 22.Bf3 Nb4
23.Kg2 Rc1 24.Bd4 Nc2 25.Bb2 Ne1+ 26.Kf2 Nd3+ 27.Ke3 Nxb2 28.Rxb2 Rc3+ 29.Kf2 Kf7
30.Bd1 Rd3 31.Be2 Rc3 32.Bd1 Rd3 33.Be2 Rc3 34.Bd1 Rd3  1/2-1/2

[Event "AUT-chT9495"]
[Site "?"]
[Date "1995.??.??"]
[Round "?"]
[White "Deutsch, Ludwig"]
[Black "Frosch, Erich"]
[Result "1/2-1/2"]
[WhiteElo "2225"]
[BlackElo "2290"]

1.c4 Nf6 2.Nf3 g6 3.g3 Bg7 4.Bg2 O-O 5.O-O c6 6.Nc3 d5 7.cxd5 cxd5 8.d4 Nc6
9.Ne5 e6 10.Nxc6 bxc6 11.Na4 Nd7 12.Be3 Ba6 13.Rc1 Qa5 14.b3 Rfc8 15.Re1 Qb4
16.h3 Bb5 17.Nc5 Nxc5 18.Rxc5 a5 19.a4 Ba6 20.Rc1 Rab8 21.Rb1 Rb7 22.Bf1 Qb6
23.Qd2 Bf8 24.Rec1 Bb4 25.Qb2 Qd8 26.Rc2 Qe7 27.Ra1 Bd6 28.Qc1 Qd7 29.Rb1 Qc7
30.Kg2 Rbb8 31.Bf4 Bxf4 32.gxf4 Rb4 33.e3 Bxf1+ 34.Kxf1 Qb6 35.Kg2 Kg7 36.Rc3 Qb7
37.Qc2 Rb6 38.Rc5 Ra8 39.Qc3 Rb4 40.Rb2 Ra6 41.Rb1  1/2-1/2

[Event "AUT-chT9495"]
[Site "?"]
[Date "1995.??.??"]
[Round "?"]
[White "Wiedner, Robert"]
[Black "Thallinger, Guenther"]
[Result "0-1"]
[WhiteElo "2215"]
[BlackElo "2200"]

1.c4 Nf6 2.g3 g6 3.Bg2 Bg7 4.Nf3 O-O 5.O-O d6 6.d4 Nbd7 7.b3 e5 8.Nc3 Re8
9.e3 a6 10.Bb2 Rb8 11.a4 exd4 12.Nxd4 Nc5 13.h3 Bd7 14.Ra2 Qc8 15.Kh2 Nce4
16.Nd5 Nxd5 17.cxd5 c5 18.dxc6 bxc6 19.Ne2 Bxb2 20.Rxb2 a5 21.f3 Nc5 22.Qxd6 Nxa4
23.Ra2 Nb6 24.Qd2 a4 25.Ra3 axb3 26.Rxb3 Nc4 27.Rxb8 Nxd2 28.Rxc8 Nxf1+ 29.Bxf1 Bxc8
30.e4 Ba6 31.Kg2 f5 32.Nc3 Bxf1+ 33.Kxf1 fxe4 34.Nxe4 Rxe4 35.fxe4 Kf7 36.Ke2 Ke6
37.Ke3 Ke5 38.Kf3 c5 39.Ke3 g5 40.Kf3 h5  0-1

[Event "AUT-chT2S 9596"]
[Site "AUT"]
[Date "1995.??.??"]
[Round "?"]
[White "Kastner, Walter"]
[Black "Pitzl, K."]
[Result "1/2-1/2"]
[WhiteElo "2300"]
[BlackElo "2065"]

1.Nf3 Nf6 2.c4 g6 3.g3 Bg7 4.Bg2 O-O 5.O-O d6 6.d4 Nbd7 7.Nc3 c6 8.e4 Qc7
9.h3 e5 10.b3 Re8 11.Re1 a6 12.Be3 c5 13.dxe5 dxe5 14.Re2 Nf8 15.Nd5 Nxd5
16.cxd5 Qd6 17.Rc1 b6 18.Nd2 Nd7 19.Nc4 Qc7 20.Rec2 a5 21.Nb2 Bf8 22.Bf1 Bd6
23.Nc4 Ba6 24.f3 Rec8 25.Qe1 Re8 26.Qf2 Kg7 27.Bg2 f6 28.Re1 Rac8 29.Bf1 Ra8
30.Bd3 Bc8 31.Kg2 Rf8 32.Qd2 Kg8 33.Qc1 Ba6 34.Qd2 Bb7 35.Na3 f5 36.g4 f4
37.Bf2 Nf6 38.Bb5 Rad8 39.Nc4 Bc8 40.Rh1 Kg7 41.a3 Bd7 42.Bxd7 Nxd7 43.Qc1 Rb8
44.Be1 Ra8 45.Qa1 b5 46.Nb2 Nb6 47.a4 b4 48.Bf2 Qe7 49.Qg1 Rfc8 50.Nc4 Nxc4
51.Rxc4 Rc7 52.Qh2 Kg8 53.h4 Rf8 54.Kf1 h6 55.Ke2 Rb8 56.Qh3 Qd7 57.Qg2 Rbc8
58.Kd3 Kf7  1/2-1/2

[Event "AUT-chT2O 9596"]
[Site "AUT"]
[Date "1995.??.??"]
[Round "3"]
[White "Krpelan, Wolfgang"]
[Black "Amberger, Dieter"]
[Result "1-0"]
[WhiteElo "2170"]
[BlackElo "2100"]

1.Nf3 Nf6 2.c4 g6 3.g3 Bg7 4.Bg2 O-O 5.O-O c6 6.Nc3 d5 7.Qb3 dxc4 8.Qxc4 Nbd7
9.d4 Nb6 10.Qd3 Bg4 11.Ne5 Be6 12.Rd1 Nfd7 13.Nf3 Nf6 14.e4 Qc8 15.Qf1 Rd8
16.h3 Bc4 17.Qe1 Be6 18.Kh2 h6 19.Ng1 Ne8 20.Nge2 Kh7 21.Qd2 Bc4 22.Qc2 Bxe2
23.Nxe2 e5 24.Be3 Qe6 25.b3 Nd6 26.f4 f6 27.a4 Nd7 28.Rab1 Rac8 29.Qd3 Nf7
30.Bf3 c5 31.d5 Qd6 32.Bg4 Rc7 33.Nc3 a6 34.Be6 Nf8 35.Qc4 Qe7 36.Bxf7 Qxf7
37.d6 Qxc4 38.bxc4 Rc6 39.Rxb7 Rcxd6 40.Nd5 Nd7 41.Kg2 Kh8 42.Rdb1 Bf8 43.Rc7 Re6
44.f5 gxf5 45.exf5 Rd6 46.Rbb7 Kg8 47.Rxd7  1-0

[Event "Bad Ragaz op"]
[Site "Bad Ragaz"]
[Date "1995.??.??"]
[Round "?"]
[White "Sher, Miron N"]
[Black "Cvitan, Ognjen"]
[Result "1/2-1/2"]
[WhiteElo "2510"]
[BlackElo "2520"]

1.Nf3 Nf6 2.c4 g6 3.g3 Bg7 4.Bg2 O-O 5.O-O c6 6.d4 d5 7.cxd5 cxd5 8.Nc3 Ne4
9.Qb3 Nc6 10.Be3 Na5  1/2-1/2

[Event "Badalona op"]
[Site "Badalona"]
[Date "1995.??.??"]
[Round "4"]
[White "Marin, Mihail"]
[Black "Gonzales, J."]
[Result "1-0"]
[WhiteElo "2540"]
[BlackElo "2395"]

1.c4 Nf6 2.Nf3 g6 3.g3 Bg7 4.Bg2 O-O 5.O-O d6 6.Nc3 e5 7.d4 Nc6 8.d5 Ne7
9.e4 c5 10.Ne1 Ne8 11.Nd3 f5 12.f4 exf4 13.Bxf4 fxe4 14.Nxe4 h6 15.Bd2 Nf5
16.Bc3 Bxc3 17.bxc3 Neg7 18.Qd2 g5 19.h4 g4 20.Rf4 h5 21.Raf1 Qe7 22.Re1 Qc7
23.Kh2 Bd7 24.Ng5 Rae8 25.Ref1 Qd8 26.Be4 b6 27.Ne6 Rxe6 28.dxe6 Bxe6 29.Ne1 Qd7
30.Ng2 Rf7 31.R1f2 Ne7 32.Rxf7 Bxf7 33.Qh6 Qe6 34.Qh7+ Kf8 35.Qh8+ Ng8 36.Bd5  1-0

[Event "Badalona op"]
[Site "Badalona"]
[Date "1995.??.??"]
[Round "5"]
[White "Spassov, Liuben"]
[Black "Desbones, Samy"]
[Result "1-0"]
[WhiteElo "2450"]
[BlackElo "2240"]

1.Nf3 Nf6 2.c4 g6 3.g3 Bg7 4.Bg2 O-O 5.O-O d6 6.d4 Nc6 7.Nc3 e5 8.d5 Ne7
9.e4 Nd7 10.b4 h6 11.Bb2 f5 12.exf5 gxf5 13.Rc1 e4 14.Ne1 a5 15.a3 Ne5 16.Qb3 axb4
17.axb4 Bd7 18.b5 b6 19.Ne2 N7g6 20.Nd4 Qe7 21.f3 exf3 22.Nexf3 f4 23.Nxe5 Qxe5
24.Rce1 Qg5 25.Ne6 Bxe6 26.Bxg7 Kxg7 27.dxe6 Rae8 28.Bd5 Re7 29.Qc3+ Qf6
30.Qd2 Qg5 31.Rf3 Rf6 32.Ref1 Rf8 33.Qg2 fxg3 34.Rxg3 Rxf1+ 35.Qxf1 Qf6 36.Qd3 Re8
37.Be4 Qa1+ 38.Kg2 Qb2+ 39.Kh3 Rxe6 40.Bxg6 Kh8 41.Bf7  1-0

[Event "Balatonbereny op"]
[Site "Balatonbereny"]
[Date "1995.??.??"]
[Round "6"]
[White "Vadasz, Laszlo"]
[Black "Seres, Lajos"]
[Result "1/2-1/2"]
[WhiteElo "2350"]
[BlackElo "2435"]

1.Nf3 Nf6 2.c4 g6 3.g3 Bg7 4.Bg2 O-O 5.O-O d6 6.Nc3 Nc6 7.d4 a6 8.d5 Na5
9.Nd2 c5 10.Qc2 Rb8 11.b3 b5 12.Bb2 bxc4 13.bxc4 Bh6 14.f4 e5 15.dxe6 Bxe6
16.Nd5 Rxb2 17.Qxb2 Bg7 18.Qa3 Nxc4 19.Nxc4 Nxd5 20.Rac1 Nb4 21.Rfd1 d5 22.Nb2 Qb8
23.Kh1 Rc8 24.Nd3 Nxd3 25.Qxd3 c4 26.Qc2 d4 27.Rb1 Qd6 28.h4 Qa3 29.Kh2 Qe3
30.Qe4 c3 31.Qxe3 dxe3 32.Rdc1 Bxa2 33.Ra1 Bc4 34.Bb7 Rb8 35.Bxa6 c2  1/2-1/2

[Event "Balatonbereny op"]
[Site "Balatonbereny"]
[Date "1995.??.??"]
[Round "8"]
[White "Farago, Sandor"]
[Black "Zimmerman, Yuri"]
[Result "1-0"]
[WhiteElo "2360"]
[BlackElo "2375"]

1.Nf3 Nf6 2.c4 g6 3.g3 Bg7 4.Bg2 O-O 5.Nc3 d6 6.d4 Nc6 7.O-O a6 8.d5 Na5
9.Nd2 c5 10.dxc6 Nxc6 11.Rb1 Bd7 12.b3 Rb8 13.Bb2 b5 14.Nd5 Ne8 15.Bxg7 Kxg7
16.Qc1 Kg8 17.Qb2 e6 18.Nc3 Qe7 19.Rfc1 b4 20.Na4 a5 21.c5 d5 22.e4 d4 23.e5 Nc7
24.Ne4 Nd5 25.Nb6 Rxb6 26.cxb6 Nc3 27.Nf6+ Kg7 28.f4 Rd8 29.Ra1 Qc5 30.b7 Nb8
31.Qf2 Bc6 32.Ne4 Bxe4 33.Bxe4 Qb5 34.Bf3 d3 35.a4 Qa6 36.Qc5 d2 37.Rf1 Nd5
38.Qd4 Qxb7 39.Qxd2 Qb6+ 40.Qf2 Qc7 41.Rfd1 Nc3 42.Rd4 Rxd4 43.Qxd4 Na6 44.Kg2 Qc5
45.Qd3 Qb6 46.Rf1 Nc7 47.Rf2 N7d5 48.Rd2 Ne3+ 49.Kh3 Ned5 50.Qf1 Qd8 51.Qf2 Qc8
52.Qa7 Qd8 53.Rd4 h5 54.Kg2 h4 55.Rc4 hxg3 56.hxg3 Nb1 57.Qd4 Nbc3 58.Rc6 Qa8
59.Qc5 Qh8 60.Rc8 Ne3+ 61.Kg1  1-0

[Event "Regionalliga NW9596"]
[Site "Bayern"]
[Date "1995.??.??"]
[Round "?"]
[White "Ehrler, Eberhard"]
[Black "Djeno, Drago"]
[Result "0-1"]
[WhiteElo "2210"]
[BlackElo "2205"]

1.Nf3 Nf6 2.c4 g6 3.g3 Bg7 4.Bg2 O-O 5.O-O d6 6.d4 Nc6 7.Nc3 a6 8.e4 Rb8
9.a4 Bg4 10.h3 Bxf3 11.Bxf3 e5 12.d5 Nd4 13.Bg2 c5 14.Ne2 b5 15.Nxd4 exd4
16.axb5 axb5 17.b3 Nd7 18.Bf4 Be5 19.Bh6 Re8 20.Qd2 bxc4 21.bxc4 Rb4 22.Qd3 Qb6
23.Rac1 Rb3 24.Qd2 Ra8 25.f4 Bh8 26.Rf2 Rxg3 27.e5 dxe5 28.fxe5 Bxe5 29.Rcf1 f5
30.Bf4 Bxf4 31.Qxf4 Re3 32.d6 Rae8 33.Qh6 Qxd6 34.Rxf5 Re1 35.Bd5+ Kh8 36.Rf7 Qg3+
37.Kh1 Rxf1+ 38.Rxf1 Re1 39.Rxe1 Qxe1+ 40.Kg2 Qe2+ 41.Kg3 Qe7 42.Qf4 Qe5
43.Qxe5+ Nxe5 44.Kf4 Nd3+ 45.Ke4 Nb4 46.Bb7 Kg7 47.Ke5 d3 48.Bf3 d2 49.Ke4 Kf6
50.Ke3 Ke5 51.Kxd2 Kd4 52.Be2 g5  0-1

[Event "Regionalliga NW9596"]
[Site "Bayern"]
[Date "1995.??.??"]
[Round "?"]
[White "Ehrler, Eberhard"]
[Black "Solomunovic, Igor"]
[Result "0-1"]
[WhiteElo "2170"]
[BlackElo "2350"]

1.Nf3 Nf6 2.g3 g6 3.Bg2 Bg7 4.c4 O-O 5.O-O d6 6.d4 c6 7.Nc3 Qa5 8.e4 Bg4
9.h3 Bxf3 10.Bxf3 Nfd7 11.Be3 c5 12.dxc5 Nxc5 13.Nd5 Qd8 14.Rb1 Nc6 15.b4 Nd7
16.Be2 Rc8 17.c5 dxc5 18.bxc5 e6 19.Nb4 Nxb4 20.Rxb4 Nxc5 21.Bxc5 Rxc5 22.Rxb7 Qa5
23.Qb3 Qd2 24.Bd1 Rc3 25.Qa4 Bd4 26.Kg2 Rd8 27.Bb3 Qe2  0-1

[Event "Regionalliga NO9495"]
[Site "Bayern"]
[Date "1995.??.??"]
[Round "2"]
[White "Kampehl, Thomas"]
[Black "Gross, David"]
[Result "1/2-1/2"]
[WhiteElo "1970"]
[BlackElo "2240"]

1.Nf3 Nf6 2.g3 g6 3.Bg2 Bg7 4.c4 O-O 5.O-O d6 6.d4 Nbd7 7.Nc3 e5 8.dxe5 Nxe5
9.Nxe5 dxe5 10.Qxd8 Rxd8 11.Bg5 c6 12.Rad1 Rxd1 13.Rxd1 Be6 14.b3 Nd7 15.Bc1  1/2-1/2

[Event "Regionalliga SW9495"]
[Site "Bayern"]
[Date "1995.??.??"]
[Round "2"]
[White "Schunk, Herbert"]
[Black "Oberhofer, Max"]
[Result "1-0"]
[WhiteElo "2105"]
[BlackElo "2105"]

1.c4 Nf6 2.g3 g6 3.Bg2 Bg7 4.Nf3 O-O 5.O-O d6 6.Nc3 Nc6 7.d3 e5 8.Bg5 h6
9.Bxf6 Qxf6 10.Rb1 Qd8 11.b4 Kh7 12.b5 Ne7 13.Ne1 f5 14.Nc2 e4 15.Nd5 Nxd5
16.cxd5 exd3 17.Qxd3 a6 18.a4 axb5 19.axb5 Ra2 20.Qc4 Ra5 21.e3 Re8 22.Nd4 Bxd4
23.Qxd4 b6 24.Rfc1 Re7 25.Bf1 Bd7 26.Qf6 Be8 27.Ra1 Rxa1 28.Rxa1 Rd7 29.Qc3 Bf7
30.Qc6 Re7 31.Ra7 Qd7 32.Qb7 f4 33.exf4 Qf5 34.Qb8 Bxd5 35.Rxc7 Qe4 36.Rxe7+ Qxe7
37.Qxb6 Qe4 38.Qc7+ Kg8 39.Qc8+ Kg7 40.Qc3+ Kf7 41.f3 Qxf3 42.Qxf3 Bxf3 43.Kf2 Bb7
44.Bg2 d5 45.Ke3 Ke6 46.Kd4 Kd6 47.h4 h5 48.Bf3 Ba8 49.Be2 Ke6 50.Bd3 Kf6
51.Kc5  1-0

[Event "Regionalliga SW9495"]
[Site "Bayern"]
[Date "1995.??.??"]
[Round "6"]
[White "Tibitanzl, Thomas"]
[Black "Hengelage, Thomas"]
[Result "0-1"]
[WhiteElo "1955"]
[BlackElo "1985"]

1.Nf3 g6 2.c4 Nf6 3.g3 Bg7 4.Bg2 O-O 5.O-O d5 6.cxd5 Nxd5 7.Nc3 c5 8.Qb3 Nb6
9.d3 Nc6 10.Be3 Nd4 11.Bxd4 cxd4 12.Ne4 Be6 13.Qa3 Bd5 14.Rac1 Bc6 15.Nfd2 Bh6
16.Rc2 a5 17.Nc4 Nd5 18.Ne5 Nb4 19.Rc5 Bd5 20.f4 b6 21.Rxd5 Nxd5 22.Nc6 Qd7
23.Rc1 Rac8 24.Nf6+ Nxf6 25.Nxe7+ Kh8 26.Rxc8 Rxc8 27.Nxc8 Qxc8 28.Qe7 Qc1+
29.Bf1 Qe3+ 30.Qxe3 dxe3 31.Bg2 Kg8 32.Bc6 Kf8 33.Kg2 Ke7 34.Kf3 Kd6 35.Ba8 Nd5
36.Bxd5 Kxd5 37.Kxe3 f5 38.h3 Bg7 39.b3 Bc3 40.g4 Kc5  0-1

[Event "Lee Cup"]
[Site "Beijing"]
[Date "1995.??.??"]
[Round "4"]
[White "Stangl, Markus"]
[Black "Li Shilong"]
[Result "1-0"]
[WhiteElo "2560"]
[BlackElo "2345"]

1.Nf3 Nf6 2.c4 g6 3.g3 Bg7 4.Bg2 O-O 5.d4 d6 6.O-O Nbd7 7.Qc2 e5 8.Rd1 Re8
9.Nc3 c6 10.b3 Qa5 11.e4 a6 12.h3 b5 13.c5 exd4 14.Nxd4 Bb7 15.cxd6 b4 16.e5 Qxe5
17.Bf4 Qc5 18.Na4 Qxc2 19.Nxc2 Ne4 20.Rac1 c5 21.Be3 Rac8 22.Ne1 Bc6 23.Bxe4 Bxa4
24.Bb7 Rb8 25.Bxa6 Bb5 26.Bxb5 Rxb5 27.Nd3 Bc3 28.Nf4 Be5 29.Nd3 Bc3 30.a4 Ra5
31.Nf4 Be5 32.Rd5 Ra6 33.Bxc5 Bxf4 34.gxf4 Ra5 35.Kg2 f6 36.f5 Kf7 37.h4 gxf5
38.Rxf5 Rc8 39.Rh5 Rcxc5 40.Rxh7+ Ke6 41.Re1+ Re5 42.Rd1 Red5 43.Re7+ Kxd6
44.Rxd5+ Rxd5 45.Re4 Nc5 46.Rxb4 Rd3 47.h5 Ke7 48.a5 Kf7 49.Rb5 Nxb3 50.a6 Nd4
51.Rb7+ Ke6 52.a7 Ra3 53.h6 Nf5 54.h7 Nh4+ 55.Kf1 Ng6 56.Ke2 Kf5 57.Kd2 Kf4
58.Kc2 Ra5 59.Kb3 Ra1 60.Rb4+ Kf3 61.Ra4 Rxa4  1-0

[Event "Lee Cup"]
[Site "Beijing"]
[Date "1995.??.??"]
[Round "10"]
[White "Alterman, Boris"]
[Black "Al Modiahki, Mohamad"]
[Result "1-0"]
[WhiteElo "2595"]
[BlackElo "2445"]

1.c4 Nf6 2.Nf3 g6 3.g3 Bg7 4.Bg2 O-O 5.O-O d6 6.Nc3 e5 7.d3 Nc6 8.Rb1 Re8
9.Bg5 h6 10.Bxf6 Bxf6 11.b4 Ne7 12.Nd2 Bg7 13.Qc2 c6 14.b5 d5 15.bxc6 bxc6
16.Rfc1 Be6 17.Qa4 h5 18.Nb3 Bh6 19.Rc2 Rb8 20.Rcb2 dxc4 21.dxc4 Qc7 22.Nc5 Rxb2
23.Rxb2 Bc8 24.Nd5 cxd5 25.Qxe8+ Bf8 26.Qb5 Nf5 27.Na4 dxc4 28.Nc3 Be6 29.Bd5 Nd6
30.Qb8 Qa5 31.Qb4 Qxb4 32.Rxb4 Ne4 33.Bxe6 Nxc3 34.Rxc4 Nxe2+ 35.Kf1 Nd4
36.Bd5 Bd6 37.Rc8+ Kg7 38.Rd8 Nf5 39.Rd7 Be7 40.Rxa7 Kf6 41.a4  1-0

[Event "Lee Cup"]
[Site "Beijing"]
[Date "1995.??.??"]
[Round "11"]
[White "Stangl, Markus"]
[Black "Tong Yuanming"]
[Result "1/2-1/2"]
[WhiteElo "2560"]
[BlackElo "2485"]

1.Nf3 Nf6 2.c4 g6 3.g3 Bg7 4.Bg2 O-O 5.d4 d6 6.O-O Nc6 7.Nc3 e5 8.d5 Ne7
9.c5 Bg4 10.cxd6 cxd6 11.Qb3 Qd7 12.e4 Rfb8 13.a4 Bh3 14.Nd2 Bh6 15.Nc4 Bxc1
16.Raxc1 Bxg2 17.Kxg2 Nh5 18.f3 Nc8 19.Rf2 Qd8 20.Rfc2 a6 21.a5 b5 22.axb6 Nxb6
23.Nxb6 Rxb6 24.Qa3 Rab8 25.Na4 Rb4 26.Qxb4 Rxb4 27.Rc8 Qxc8 28.Rxc8+ Kg7
29.b3 Rxb3 30.Rc6 Ra3 31.Nb6 Ra2+ 32.Kh3 Rf2 33.Nc4 Rxf3 34.Kg2 Rd3 35.Nxd6 f5
36.exf5 Rxd5 37.g4 Nf4+ 38.Kf3 Rd1 39.Rxa6 gxf5 40.Nxf5+ Kf7 41.Ra7+ Kg6
42.Rg7+ Kf6 43.Rxh7 Rf1+ 44.Ke3 Re1+ 45.Kf2 Nd3+ 46.Kg3 e4 47.Rd7 Rg1+ 48.Kh4 Rxg4+
49.Kxg4 Ne5+ 50.Kf4 Nxd7 51.Kxe4  1/2-1/2

[Event "Belgrade Minex"]
[Site "Belgrade"]
[Date "1995.??.??"]
[Round "1"]
[White "Szuhanek, Ranko"]
[Black "Sahovic, Dragutin"]
[Result "1/2-1/2"]
[WhiteElo "2350"]
[BlackElo "2450"]

1.c4 Nf6 2.Nf3 g6 3.g3 Bg7 4.Bg2 O-O 5.O-O d6 6.Nc3 e5 7.d3 Nc6 8.Rb1 a5
9.Bg5 h6 10.Bxf6 Bxf6 11.a3 Be6 12.b4 axb4 13.axb4  1/2-1/2

[Event "Belgrade Trako"]
[Site "Belgrade"]
[Date "1995.??.??"]
[Round "2"]
[White "Damljanovic, Branko"]
[Black "Timoshenko, Georgy"]
[Result "1-0"]
[WhiteElo "2575"]
[BlackElo "2555"]

1.Nf3 Nf6 2.c4 g6 3.g3 Bg7 4.Bg2 O-O 5.O-O d6 6.d4 Nc6 7.Nc3 a6 8.h3 Rb8
9.e4 b5 10.cxb5 axb5 11.Qc2 b4 12.Ne2 Na5 13.Be3 Ba6 14.Rfe1 Nc4 15.Bg5 Nd7
16.Rad1 h6 17.Bc1 e6 18.b3 Na3 19.Bxa3 bxa3 20.Nf4 Bb7 21.Qc1 Ra8 22.h4 c6
23.e5 d5 24.Qc3 Qe7 25.b4 Ba6 26.Bf1 Bb5 27.Bxb5 cxb5 28.Nd3 Rfc8 29.Nc5 Nb6
30.Rd2 Nc4 31.Rde2 Rc6 32.Qd3 Re8 33.Kg2 Ra8 34.h5 g5 35.Nh2 Kh8 36.Ng4 Rc7
37.Rb1 Qd8 38.Rb3 Qg8 39.Qb1 Qh7 40.Qxh7+ Kxh7 41.f4 gxf4 42.gxf4 Rg8 43.Kh3 Kh8
44.Rg3 Bf8 45.Reg2 Ra7 46.Nf6 Rxg3+ 47.Rxg3 Bg7 48.Ne8 Bf8 49.Nd7 Be7 50.Ndf6 Bxf6
51.Nxf6 Ra8 52.Kg4 Nb6 53.f5 Kg7 54.Kf4+ Kf8 55.fxe6 fxe6 56.Rg6 Ra4 57.Rxh6 Rxb4
58.Rh8+ Kf7 59.Rh7+ Kf8 60.Rb7 Nc8 61.h6  1-0

[Event "Belgrade Trako"]
[Site "Belgrade"]
[Date "1995.??.??"]
[Round "10"]
[White "Badea, Bela"]
[Black "Arsovic, Goran"]
[Result "1/2-1/2"]
[WhiteElo "2490"]
[BlackElo "2385"]

1.c4 Nf6 2.Nf3 g6 3.g3 Bg7 4.Bg2 O-O 5.O-O d6 6.d4 c5 7.Nc3 Nc6 8.d5 Na5
9.Nd2 e5 10.a3 b6 11.b4 Nb7 12.e4 Ng4 13.h3 Nh6 14.Bb2 f5 15.exf5 Nxf5 16.Nce4 Bd7
17.Re1 h6 18.Qc2 Rf7 19.bxc5 Nxc5 20.a4 Nb7 21.Nb3 a5 22.Qd2  1/2-1/2

[Event "Benasque op"]
[Site "Benasque"]
[Date "1995.??.??"]
[Round "2"]
[White "Nogueiras, Jesus"]
[Black "Abella Vazquez, Carlos Manuel"]
[Result "1-0"]
[WhiteElo "2560"]
[BlackElo "2185"]

1.Nf3 Nf6 2.c4 g6 3.g3 Bg7 4.Bg2 O-O 5.O-O d6 6.Nc3 e5 7.d4 Nc6 8.d5 Ne7
9.e4 Ne8 10.Ne1 f5 11.Nd3 Nf6 12.Bg5 h6 13.Bxf6 Bxf6 14.f4 fxe4 15.fxe5 exd3
16.exf6 Nf5 17.Qf3 Qxf6 18.g4 Qd4+ 19.Kh1 Qxc4 20.gxf5 Bxf5 21.Qe3 Qh4 22.Rf4 Qg5
23.Raf1 Rfe8 24.Qf2 Re5 25.Ne4 Qe7 26.Ng3 Rf8 27.Qd2 Qg5 28.Kg1 Rfe8 29.R4f2 Qxd2
30.Rxd2 Bd7 31.Rc1 Re1+ 32.Rxe1 Rxe1+ 33.Kf2 Rb1 34.Be4 Kg7 35.Bxd3 Ra1 36.a3 Kf6
37.Re2 Bg4 38.Rc2 Rb1 39.Ne4+ Ke5 40.Nc3 Ra1 41.Bxg6  1-0

[Event "Berga op"]
[Site "Berga"]
[Date "1995.??.??"]
[Round "4"]
[White "Spassov, Liuben"]
[Black "Marin, Mihail"]
[Result "1/2-1/2"]
[WhiteElo "2450"]
[BlackElo "2520"]

1.Nf3 Nf6 2.c4 g6 3.g3 Bg7 4.Bg2 O-O 5.O-O d6 6.d4 c6 7.Nc3 Qa5 8.e4 Bg4
9.h3 Bxf3 10.Bxf3 Nfd7 11.Be3 Qb4 12.Be2 Qxb2 13.Na4  1/2-1/2

[Event "Berga op"]
[Site "Berga"]
[Date "1995.??.??"]
[Round "7"]
[White "Ionescu, Constantin"]
[Black "Agnos, Demetrios"]
[Result "1-0"]
[WhiteElo "2545"]
[BlackElo "2450"]

1.Nf3 Nf6 2.c4 g6 3.g3 Bg7 4.Bg2 O-O 5.O-O d6 6.Nc3 e5 7.d4 Nbd7 8.b3 Re8
9.e4 exd4 10.Nxd4 Nc5 11.f3 c6 12.Be3 a5 13.Bf2 Qe7 14.Qc2 h5 15.Rad1 Bd7
16.Rfe1 Rad8 17.a3 Qf8 18.h3 Nh7 19.f4 Nf6 20.b4 axb4 21.axb4 Na6 22.b5 Nb4
23.Qb3 c5 24.Nc2 Nxc2 25.Qxc2 Be6 26.Na4 Qe7 27.e5 dxe5 28.Rxd8 Qxd8 29.Nxc5 Bf5
30.Qc1 b6 31.Nb7 Qc7 32.c5 bxc5 33.Qxc5 Qxc5 34.Nxc5 e4 35.b6 Rb8 36.Nxe4 Nd5
37.b7 Rxb7 38.Nc5 Rb2 39.Bxd5 Rxf2 40.Re8+  1-0

[Event "Berliner Sommer"]
[Site "Berlin"]
[Date "1995.??.??"]
[Round "1"]
[White "Loginov, Valery A"]
[Black "Mueller, Matt"]
[Result "1-0"]
[WhiteElo "2525"]
[BlackElo "2200"]

1.Nf3 Nf6 2.g3 g6 3.c4 Bg7 4.Bg2 O-O 5.d4 d6 6.O-O Nbd7 7.Qc2 e5 8.Rd1 Qe7
9.Nc3 c6 10.b3 Re8 11.Rb1 a5 12.dxe5 dxe5 13.Ng5 Nf8 14.Na4 Bf5 15.e4 Bg4
16.f3 Be6 17.Be3 N6d7 18.Nh3 h5 19.Nf2 Bf6 20.Qc1 Nh7 21.Rb2 Red8 22.Rbd2 Qe8
23.Nd3 Bg5 24.f4 exf4 25.gxf4 Bh6 26.Rf2 Bg4 27.Re1 h4 28.h3 Bh5 29.e5 Nhf8
30.Nac5 Nxc5 31.Nxc5 Qe7 32.Ne4 Bg7 33.Bc5 Qd7 34.Bd6 Ne6 35.f5 gxf5 36.Rxf5 Bg6
37.Nf6+ Bxf6 38.Rxf6 Kg7 39.Re4 Rh8 40.Rg4 Rh6 41.Be4 Rah8 42.Qf1 Qe8 43.Kh2 R8h7
44.Rfxg6+ Rxg6 45.Bxg6 fxg6 46.Qf6+ Kg8 47.Qxg6+  1-0

[Event "Berliner Sommer"]
[Site "Berlin"]
[Date "1995.??.??"]
[Round "4"]
[White "Lehner, Oliver"]
[Black "Raubal, Martin"]
[Result "1/2-1/2"]
[WhiteElo "2260"]
[BlackElo "2210"]

1.Nf3 g6 2.c4 Bg7 3.g3 Nf6 4.Bg2 O-O 5.Nc3 d6 6.O-O e5 7.d3 Nc6 8.Rb1 a5
9.a3 Nd4 10.b4 axb4 11.axb4 c6 12.Bg5 Ne6 13.Bxf6 Bxf6 14.Nd2 Bg7 15.e3 f5
16.b5 Bd7 17.Nb3 f4 18.exf4 exf4 19.Ne4 Ng5 20.Nxg5 Qxg5 21.bxc6 bxc6 22.Nd2 fxg3
23.hxg3 Bg4 24.Qc2 Rac8 25.Ne4 Qd8 26.c5 d5 27.Nd6 Rc7 28.Rb4 Be6 29.Qe2 Re7
30.Qd2 Qa5 31.d4 Bg4 32.Re1 Rxe1+ 33.Qxe1 Bxd4 34.Kh2 Qxc5 35.Nb7 Qc3 36.Qxc3 Bxc3
37.Rxg4 Rf7 38.Nd8 Rf6 39.Nxc6 Kg7 40.Bxd5 Rxf2+ 41.Bg2 Bf6 42.Nb4 Re2 43.Rc4 Be5
44.Nd3  1/2-1/2

[Event "Berliner Sommer"]
[Site "Berlin"]
[Date "1995.??.??"]
[Round "6"]
[White "Tregubov, Pavel V"]
[Black "Kovalevskaya, Ekaterina"]
[Result "1-0"]
[WhiteElo "2490"]
[BlackElo "2350"]

1.Nf3 Nf6 2.c4 g6 3.g3 Bg7 4.Bg2 O-O 5.d4 d6 6.O-O Nbd7 7.Nc3 e5 8.e4 exd4
9.Nxd4 Re8 10.h3 Nc5 11.Re1 a5 12.Rb1 c6 13.b3 h6 14.Bf4 Nh7 15.Qd2 Qf6 16.Rbd1 Ng5
17.h4 Nh3+ 18.Bxh3 Bxh3 19.Bxh6 Bh8 20.Qg5 Qxg5 21.Bxg5 Bg4 22.Rd2 f5 23.Nce2 Bxe2
24.Nxe2 Nxe4 25.Rdd1 Nxg5 26.hxg5 Kf7 27.Rxd6 Re7 28.Kf1 Rae8 29.Rdd1 Be5
30.Ng1 Bc3 31.Rxe7+ Rxe7 32.Nf3 Bb4 33.Rd8 Kg7 34.Ng1 Bc5 35.Ne2 Bb6 36.Rb8 Ba7
37.Rc8 Bc5 38.Nf4 Bb4 39.Rd8 Re1+ 40.Kg2 Re7 41.Kf3 Ba3 42.Nd3 Kf7 43.g4 fxg4+
44.Kxg4 Re2 45.f4 Re7 46.c5 Kg7 47.Rd6 Kh7 48.Ne5 Bxc5 49.Rxg6 Bd4 50.Rh6+ Kg7
51.Nc4 Bc3 52.Nd6 Rd7 53.f5 Kg8 54.f6  1-0

[Event "Berliner Sommer"]
[Site "Berlin"]
[Date "1995.??.??"]
[Round "9"]
[White "Loginov, Valery A"]
[Black "Rogic, Davor"]
[Result "1-0"]
[WhiteElo "2525"]
[BlackElo "2435"]

1.Nf3 Nf6 2.g3 g6 3.c4 Bg7 4.Bg2 O-O 5.O-O d6 6.d4 c5 7.dxc5 dxc5 8.Ne5 Nfd7
9.Nd3 Nc6 10.Nc3 Nde5 11.Nxc5 Nxc4 12.Qa4 Nb6 13.Qh4 Qd4 14.N5e4 Bf5 15.Be3 Qe5
16.Rad1 Rfd8 17.Nc5 Rxd1 18.Rxd1 Qc7 19.g4 Be6 20.Nxe6 fxe6 21.Ne4 Rd8 22.Rxd8+ Nxd8
23.b3 Nd5 24.Ng5 Nxe3 25.Qxh7+ Kf8 26.fxe3 Qc5 27.Qxg6 Qxe3+ 28.Kf1 Qc1+
29.Kf2 Qf4+ 30.Bf3 Qxh2+ 31.Kf1 Qe5 32.Kg2 Qe3 33.Kh1 Qc1+ 34.Kh2 Qe3 35.Kg2 b6
36.Kh1 Qf4 37.Kg1 Qc1+ 38.Kf2 Qf4 39.Kg2 Qe3 40.a4 Qf4 41.Nh7+ Kg8 42.Ng5 Kf8
43.Kf2 Qh2+ 44.Kf1 Qf4 45.Kg2 Qe3 46.b4 Qf4 47.b5 Qe3 48.Kh1 Qc1+ 49.Kh2 Qf4+
50.Kh3 Qe3 51.Kg2 Qf4 52.Nh7+ Kg8 53.Be4 Nf7 54.Qxe6 Qd6 55.Qc8+ Qd8 56.Qf5 Qd2
57.Bd3 Qc1 58.Qd5 Qc8 59.Bf5 Qd8 60.Qa2 e5 61.g5  1-0

[Event "Biel op"]
[Site "Biel"]
[Date "1995.??.??"]
[Round "7"]
[White "Konopka, Michal"]
[Black "Cvitan, Ognjen"]
[Result "1/2-1/2"]
[WhiteElo "2420"]
[BlackElo "2510"]

1.Nf3 Nf6 2.c4 g6 3.g3 Bg7 4.Bg2 O-O 5.d4 d6 6.O-O Nbd7 7.Nc3 e5 8.h3 c6
9.e4 Re8 10.Re1 exd4 11.Nxd4 Qb6 12.Nc2 Nc5 13.b4 Ne6 14.Be3 Qc7 15.Qd3 Nd7
16.f4 a5 17.a3 Nb6 18.Rad1 axb4 19.axb4 Na4 20.Nxa4 Rxa4 21.Qxd6 Qxd6 22.Rxd6 c5
23.bxc5 Nxc5  1/2-1/2

[Event "Bled op"]
[Site "Bled"]
[Date "1995.??.??"]
[Round "6"]
[White "Mikhalchishin, Adrian"]
[Black "Howell, James C"]
[Result "1-0"]
[WhiteElo "2500"]
[BlackElo "2520"]

1.Nf3 Nf6 2.c4 g6 3.g3 Bg7 4.Bg2 O-O 5.O-O d6 6.d4 Nbd7 7.d5 Ng4 8.Nc3 Nge5
9.Nxe5 Nxe5 10.Qb3 c5 11.h3 Rb8 12.f4 Nd7 13.a4 f5 14.Bd2 Nf6 15.Rae1 a6
16.Qa3 Bd7 17.b4 b5 18.axb5 axb5 19.cxb5 cxb4 20.Qxb4 Bxb5 21.Nxb5 Qb6+ 22.Nd4 Qxb4
23.Bxb4 Rxb4 24.Nc6 Rb7 25.Rb1 Rc7 26.Rb4 Rfc8 27.Rfb1 Kf8 28.Rb8 Nd7 29.Rxc8+ Rxc8
30.Rb7 Ke8 31.g4 Bf6 32.g5 Bg7 33.Kf2 Ra8 34.Bf3 Bf8 35.Nd4 Nc5 36.Rb5 Bg7
37.Ne6 Nxe6 38.dxe6 Rc8 39.Bb7 Rd8 40.Bc6+ Kf8 41.Rb7 Bd4+ 42.e3 Bc5 43.Bd5 Ra8
44.Ke2 Ra7 45.Rb8+ Kg7 46.Re8 h6 47.h4 hxg5 48.hxg5 Rc7 49.Kf3 Ra7 50.Ke2 Rc7
51.Kf3 Ra7 52.e4 fxe4+ 53.Kxe4 Ra4+ 54.Kf3 Ra7 55.Kg4 Be3 56.Kf3 Bc1 57.Bc6 d5
58.Bxd5 Ba3 59.Rd8 Bd6 60.Bc6 Ra3+ 61.Kg4 Re3 62.f5 gxf5+ 63.Kxf5 Re5+ 64.Kg4 Rxe6
65.Bd5  1-0